000 00621nam a2200241Ia 4500
003 OSt
005 20220918172456.0
006 a|||||r|||| 00| 0
007 ta
008 220917b |||||||| |||| 00| 0 eng d
024 _a1,072
037 _cTextual
040 _aARTS
_cARTS
_beng
041 _2eng
_aeng
082 _aQ23:226:g, K5;K6.1
100 _aAwasthi A B L
_941769
245 0 _aStudies in Skanda Purana
250 _a2nd
260 _aLucknow
_bKailash Prak
_c1976
650 _aRELIGION
942 _hQ23:226:g, K5;K6.1
_cTEXL
_2CC
999 _c144102
_d144102